Real Madrid Players 200 or More Goals - Sudden Death - Statistics

General Stats
  • This quiz has been taken 262 times
  • The average score is 3 of 7
Answers on the Grid
Answers color-coded by a green-red scale on the quiz's grid according to % correct below.
Alfredo di Stéfano
Amancio
Cristiano Ronaldo
Davor Suker
Emilio Butragueño
Ferenc Puskás
Fernando Hierro
Fernando Morientes
Gareth Bale
Retired
Gonzalo Higuaín
Guti
Hugo Sánchez
Iván Zamorano
Jorge Valdano
Juanito
Karim Benzema
Luís Figo
Luka Modric
Míchel
Paco Gento
Pahiño
Pirri
Predrag Mijatović
Raúl
Ronaldo
Ruud van Nistelrooy
Santillana
Sergio Ramos
Vinicius Junior
Zinédine Zidane
 
Answer Stats
Answer % Correct
Cristiano Ronaldo
87%
Alfredo di Stéfano
76%
Karim Benzema
52%
Raúl
43%
Ferenc Puskás
40%
Hugo Sánchez
21%
Santillana
7%
No matching quizzes found
Score Distribution
Percent of People with Each Score
Percentile by Number Answered
Your Score History
You have not taken this quiz